Autopsias médico - legales /

Guardado en:
Autor Principal: Vázquez Fanego, Héctor O.
Formato: Libro
Idioma:Spanish
Publicado: Buenos Aires : Depalma, 2000
Etiquetas: Agregar Etiqueta
Sin Etiquetas, Sea el primero en etiquetar este registro!
LEADER 00435nam a22001335a 4500
001 DER.der000285
005 20050518000000.0
008 180615s2000####||||||||||||||||||||spa||
020 |a 950-14-1772-7 
100 1 |a Vázquez Fanego, Héctor O. 
245 1 0 |a Autopsias médico - legales /  |c Prólogo del Prof. Juan A. Gisbert Calabuig 
260 |a Buenos Aires :  |b Depalma,  |c 2000 
300 0 |a 256 p.  |b fot. 
859 |a DERECHO  |b BIB. DERECHO  |h 345.052  |i VAZ  |p 001106